000 01224nam a22003617a 4500
003 CHAP
005 20220329135552.0
008 971013s1987 r 00010 d
010 _a38653
011 _a39625
035 _a43746
040 _cCHAP
090 _aTesis
100 0 0 _aEspinoza Arellano, José de Jesús.
_938028
245 _aAnálisis de la producción y exportación del melón mexicano
260 _aChapingo, Méx. :
_bEl autor,
_c1987
300 _a111 h.
_b; gráfs.
502 _aTesis (M. C. Esp. en Economía Agrícola) -- Colegio de Postgraduados. Centro de Economía
590 _aALEPH
_b10
_c20130110
_lUCH01
_h1304
590 _aBATCH-UPD
_b10
_c20130110
_lUCH01
_h1210
590 _aBATCH-UPD
_b10
_c20130410
_lUCH01
_h0749
590 _aBATCH-UPD
_b10
_c20130914
_lUCH01
_h1559
590 _aCONVERSION
_b10
_c20130109
_lUCH01
_h1321
650 1 4 _aMelón
_xExportación.
_974454
650 1 4 _aMelón
_xImportación.
_974463
650 1 4 _aMelón
_xMercadeo.
_974467
650 1 4 _aMelón
_xMéxico.
_974470
650 1 4 _aMelón
_xRendimiento.
_974477
901 _aBK
942 _cFOLL
949 _bBC
_cTES
_d-100053
_eTS2
_fc.2
_h19320
_i43746
_si
949 _bBC
_cTES
_d437461
_eTS1
_h19319
_i43746
_sb
999 _c38653
_d38653